Eminem Musicvideo Views - Statistics

General Stats
  • This quiz has been taken 33 times
  • The average score is 8 of 12
Answer Stats
VIEWS SONG % Correct
954Mio The Real Slim Shady
100%
2,8B Love the way you lie
89%
1,9B Without me
89%
1,4B Rap God
75%
933Mio The Monster
75%
653Mio Godzilla
71%
1B Mockingbird
71%
1,8B Not Afraid
68%
718Mio Stan
61%
998Mio When im Gone
57%
834Mio Venom
46%
678Mio No Love
32%
No matching quizzes found
Score Distribution
Percent of People with Each Score
Percentile by Number Answered
Your Score History
You have not taken this quiz